[Event "SRB-chT2 West"]
[White "Jakovljevic, Ljubomir"]
[Black "Jelisavcic, Srdjan"]
[Site "Arandjelovac"]
[Round "4.2"]
[Result "0-1"]
[Date "2018.09.09"]
[WhiteElo "1905"]
[BlackElo "2077"]
[PlyCount "48"]
[EventDate "2018.09.07"]
[EventType "team-tourn"]
[EventRounds "11"]
[EventCountry "SRB"]
[SourceTitle "EXT 2021"]
[Source "ChessBase"]
[SourceDate "2020.10.23"]
[SourceVersion "1"]
[SourceVersionDate "2020.10.23"]
[SourceQuality "1"]
[WhiteTeam "Lipnicki Sor Sloga"]
[BlackTeam "Bajina Basta"]
[WhiteTeamCountry "SRB"]
[BlackTeamCountry "SRB"]

1. e4 e5 2. Nf3 Nc6 3. c3 d5 4. Qc2 dxe4 5. Qxe4 f5 6. Qa4 Bd6 7. Bb5 Bd7 8. d3 a6 9. Bxc6 Bxc6 10. Qd1 Nf6 11. Bg5 h6 12. Bxf6 Qxf6 13. 0-0 0-0-0 14. Nbd2 g5 15. b4 g4 16. Ne1 Qh4 17. g3 Qg5 18. a4 h5 19. Nc4 h4 20. f4 exf4 21. Nxd6+ Rxd6 22. b5 Be4 23. gxf4 Qg7 24. Qc2 Bd5 0-1

[Event "SRB-chT2 West"]
[White "Jelisavcic, Srdjan"]
[Black "Jevdjovic, Milorad"]
[Site "Kragujevac"]
[Round "7.4"]
[Result "1/2-1/2"]
[Date "2017.10.06"]
[WhiteElo "2078"]
[BlackElo "2238"]
[PlyCount "49"]
[EventDate "2017.09.08"]
[EventType "team-tourn"]
[EventRounds "11"]
[EventCountry "SRB"]
[SourceTitle "EXT 2022"]
[Source "ChessBase"]
[SourceDate "2021.10.06"]
[SourceVersion "1"]
[SourceVersionDate "2021.10.06"]
[SourceQuality "1"]

1. d4 Nf6 2. Nf3 g6 3. c3 Bg7 4. Bg5 0-0 5. e3 d6 6. Be2 Nbd7 7. 0-0 c5 8. Nbd2 Qc7 9. e4 e5 10. d5 h6 11. Bh4 g5 12. Bg3 Nh5 13. Ne1 Nf4 14. Bg4 b5 15. Bf5 Nb6 16. Bxf4 exf4 17. Bxc8 Raxc8 18. Qc2 Qe7 19. Nd3 Nd7 20. Rfe1 a5 21. c4 b4 22. Rab1 Ra8 23. a4 Rfe8 24. h3 Ne5 25. Nxe5 1/2-1/2

[Event "SRB-chT Cup"]
[White "Jelisavcic, Srdjan"]
[Black "Musovic, Sabrija"]
[Site "Kragujevac"]
[Round "7.5"]
[Result "1/2-1/2"]
[Date "2016.04.24"]
[WhiteElo "2089"]
[BlackElo "2011"]
[PlyCount "20"]
[EventDate "2016.04.20"]
[EventType "team-swiss"]
[EventRounds "7"]
[EventCountry "SRB"]
[SourceTitle "CBM 172 Extra"]
[Source "ChessBase"]
[SourceDate "2016.06.21"]
[SourceVersion "1"]
[SourceVersionDate "2016.06.21"]
[SourceQuality "1"]
[WhiteTeam "Bajina Basta"]
[BlackTeam "Prijepolje Priko"]
[WhiteTeamCountry "SRB"]
[BlackTeamCountry "SRB"]

1. e4 c5 2. Nf3 d6 3. d4 cxd4 4. Nxd4 Nf6 5. Nc3 a6 6. a4 e5 7. Nb3 Be6 8. Be2 h6 9. 0-0 Nbd7 10. Be3 Be7 1/2-1/2

[Event "SRB-chT Cup"]
[White "Jelisavcic, Srdjan"]
[Black "Rajkovic, Mladen"]
[Site "Kragujevac"]
[Round "5.3"]
[Result "0-1"]
[Date "2016.04.23"]
[WhiteElo "2089"]
[BlackElo "2320"]
[PlyCount "71"]
[EventDate "2016.04.20"]
[EventType "team-swiss"]
[EventRounds "7"]
[EventCountry "SRB"]
[SourceTitle "CBM 172 Extra"]
[Source "ChessBase"]
[SourceDate "2016.06.21"]
[SourceVersion "1"]
[SourceVersionDate "2016.06.21"]
[SourceQuality "1"]
[WhiteTeam "Bajina Basta"]
[BlackTeam "Vladimirci"]
[WhiteTeamCountry "SRB"]
[BlackTeamCountry "SRB"]

1. e4 c5 2. d4 cxd4 3. Qxd4 Nc6 4. Qe3 Nf6 5. Nc3 d5 6. exd5 Nxd5 7. Nxd5 Qxd5 8. c4 Qd6 9. Bd2 Bg4 10. Bc3 0-0-0 11. Be2 Bxe2 12. Nxe2 e5 13. 0-0 Be7 14. Ng3 Qd3 15. Qxd3 Rxd3 16. Nf5 Bf6 17. Rfd1 Rhd8 18. Rxd3 Rxd3 19. Kf1 g6 20. Ne3 Bd8 21. Rd1 Rxd1+ 22. Nxd1 Kd7 23. Ne3 Kd6 24. Ke2 Kc5 25. b3 f5 26. Nc2 Nd4+ 27. Kd1 h5 28. Bb4+ Kc6 29. Ba3 Kd7 30. Bc5 Nc6 31. f4 Ke6 32. fxe5 Kxe5 33. Bf8 f4 34. Bg7+ Kf5 35. Ke2 g5 36. Bh6 0-1

[Event "SRB-chT Cup"]
[White "Markovic, Predrag M"]
[Black "Jelisavcic, Srdjan"]
[Site "Kragujevac"]
[Round "6.5"]
[Result "0-1"]
[Date "2016.04.23"]
[WhiteElo "1808"]
[BlackElo "2089"]
[PlyCount "76"]
[EventDate "2016.04.20"]
[EventType "team-swiss"]
[EventRounds "7"]
[EventCountry "SRB"]
[SourceTitle "CBM 172 Extra"]
[Source "ChessBase"]
[SourceDate "2016.06.21"]
[SourceVersion "1"]
[SourceVersionDate "2016.06.21"]
[SourceQuality "1"]
[WhiteTeam "Kragujevac Palilule"]
[BlackTeam "Bajina Basta"]
[WhiteTeamCountry "SRB"]
[BlackTeamCountry "SRB"]

1. e4 e5 2. Nf3 Nc6 3. Bb5 a6 4. Ba4 Nf6 5. 0-0 b5 6. Bb3 Be7 7. Re1 Bb7 8. c3 d5 9. d4 dxe4 10. Nxe5 Nxe5 11. dxe5 Qxd1 12. Rxd1 Ng4 13. e6 f5 14. h3 Ne5 15. Na3 Nd3 16. Nc2 c5 17. c4 Bf6 18. Ne3 g6 19. a4 b4 20. Nd5 Be5 21. f4 Bxd5 22. cxd5 Bd4+ 23. Kf1 Bxb2 24. Bxb2 Nxb2 25. Rd2 Nd3 26. g3 Ke7 27. Bc4 Rhd8 28. Rad1 a5 29. Bxd3 exd3 30. Rxd3 c4 31. Re3 Rac8 32. g4 c3 33. gxf5 gxf5 34. Rg3 c2 35. Rg7+ Kd6 36. Re1 c1Q 37. Rxc1 Rxc1+ 38. Ke2 Rc7 0-1

[Event "SRB-chT Cup"]
[White "Jelisavcic, Srdjan"]
[Black "Dezelin, Milan"]
[Site "Kragujevac"]
[Round "1.1"]
[Result "0-1"]
[Date "2016.04.20"]
[WhiteElo "2089"]
[BlackElo "2262"]
[PlyCount "96"]
[EventDate "2016.04.20"]
[EventType "team-swiss"]
[EventRounds "7"]
[EventCountry "SRB"]
[SourceTitle "EXT 2017"]
[Source "ChessBase"]
[SourceDate "2016.10.25"]
[SourceVersion "1"]
[SourceVersionDate "2016.10.25"]
[SourceQuality "1"]
[WhiteTeam "Bajina Basta"]
[BlackTeam "Paracin"]
[WhiteTeamCountry "SRB"]
[BlackTeamCountry "SRB"]

1. e4 c5 2. Nc3 Nc6 3. g3 Rb8 4. Bg2 b5 5. d3 g6 6. Be3 d6 7. Qd2 Bg7 8. Nge2 Nd4 9. 0-0 h5 10. Nd1 h4 11. c3 Nxe2+ 12. Qxe2 hxg3 13. fxg3 b4 14. d4 bxc3 15. bxc3 cxd4 16. Bxd4 Bxd4+ 17. cxd4 Qb6 18. Qf2 Nf6 19. Nc3 Be6 20. Rab1 Qc7 21. Rxb8+ Qxb8 22. d5 Bd7 23. Qd4 0-0 24. Rb1 Qc7 25. Rc1 Qa5 26. e5 dxe5 27. Qd2 Rc8 28. h3 Kg7 29. g4 Qb6+ 30. Qf2 Qd4 31. Qxd4 exd4 32. Ne2 Rxc1+ 33. Nxc1 Bb5 34. Nb3 Bc4 35. Nxd4 Bxa2 36. Nc6 a6 37. Nxe7 Kf8 38. d6 Ne8 39. Nc8 Be6 40. Bc6 Bxc8 41. d7 Bxd7 42. Bxd7 g5 43. Kf2 Ke7 44. Ba4 Nf6 45. Ke3 Nd5+ 46. Kd4 Nf4 47. h4 gxh4 48. g5 Ne6+ 0-1

[Event "SRB-CupT Central Serbia"]
[White "Jelisavcic, Srdjan"]
[Black "Mladenovic, Stefan"]
[Site "Serbia"]
[Round "5.2"]
[Result "0-1"]
[Date "2014.05.02"]
[WhiteElo "2084"]
[BlackElo "2310"]
[PlyCount "84"]
[EventDate "2014.03.23"]
[EventType "team"]
[EventRounds "8"]
[EventCountry "SRB"]
[SourceTitle "EXT 2015"]
[Source "ChessBase"]
[SourceDate "2014.11.20"]
[SourceVersion "1"]
[SourceVersionDate "2014.11.20"]
[SourceQuality "1"]

1. e4 c5 2. d4 cxd4 3. Qxd4 Nc6 4. Qe3 g6 5. Nc3 Bg7 6. Bd2 Nf6 7. Be2 d6 8. 0-0-0 Ng4 9. Qg3 h5 10. h4 Qb6 11. Bxg4 Bxg4 12. Nf3 Nb4 13. e5 dxe5 14. a3 Na6 15. Be3 Qe6 16. Rd5 Bxf3 17. Qxf3 0-0 18. Rhd1 b6 19. Ne4 Rac8 20. Qe2 Nc7 21. Ng5 Qc6 22. Rd7 Nb5 23. R7d2 e4 24. c4 Qxc4+ 25. Qxc4 Rxc4+ 26. Kb1 Nd6 27. Bf4 Nf5 28. b3 Rc3 29. Nxe4 Rxb3+ 30. Ka2 Rb5 31. Bg5 f6 32. Bf4 Nxh4 33. g3 Nf5 34. Rc2 e5 35. Be3 Nxe3 36. fxe3 f5 37. Ng5 Bf6 38. Ne6 Rf7 39. Rc8+ Kh7 40. Rd6 e4 41. Nd4 Rc5 42. Rxc5 bxc5 0-1

[Event "SRB Central-ch op"]
[White "Jelisavcic, Srdjan"]
[Black "Zajic, Milan"]
[Site "Pozarevac"]
[Round "4"]
[Result "0-1"]
[Date "2013.02.20"]
[WhiteElo "2085"]
[BlackElo "2245"]
[PlyCount "122"]
[EventDate "2013.02.18"]
[EventType "swiss"]
[EventRounds "9"]
[EventCountry "SRB"]
[SourceTitle "CBM 153 Extra"]
[Source "ChessBase"]
[SourceDate "2013.04.22"]
[SourceVersion "1"]
[SourceVersionDate "2013.04.22"]
[SourceQuality "1"]

1. e4 e5 2. Nf3 Qe7 3. Bc4 h6 4. c3 Nf6 5. Qe2 g6 6. d3 Bg7 7. Nbd2 Nh5 8. g3 d6 9. h3 0-0 10. Nf1 Kh7 11. Ne3 c6 12. Ng2 Nf6 13. Bb3 Nbd7 14. Bd2 a5 15. g4 Nc5 16. Bc2 Ne6 17. Nh2 d5 18. 0-0 dxe4 19. dxe4 b6 20. Rfd1 Ba6 21. Qe3 Qc7 22. Qg3 Nc5 23. f3 Rad8 24. Be3 Nd3 25. Bxd3 Bxd3 26. Qf2 c5 27. b4 a4 28. bxc5 b5 29. g5 hxg5 30. Bxg5 Rd7 31. Ne3 Qxc5 32. Bxf6 Bxf6 33. Nd5 Qxf2+ 34. Kxf2 Bh4+ 35. Ke3 Bc4 36. Nf6+ Bxf6 37. Rxd7 Bg5+ 38. Kf2 Be6 39. Rd3 Kg7 40. Ng4 Bf4 41. Kg2 Rc8 42. Ne3 Rh8 43. Rh1 Bxa2 44. Nd5 Bg5 45. Ra1 Bc4 46. Rdd1 Bb3 47. Rdb1 Bc4 48. Rb4 Be2 49. Ra2 Bd3 50. Ra3 Rc8 51. Rb2 Bc1 52. Rba2 Bxa3 53. Rxa3 Rd8 54. Kg3 Bc4 55. Nb4 Rd2 56. Ra1 Kf6 57. h4 Rb2 58. Rh1 Rb3 59. h5 gxh5 60. Rxh5 Rxc3 61. Rh6+ Kg5 0-1

[Event "SRB-chT Central"]
[White "Jelisavcic, Srdjan"]
[Black "Ratkovic, Petar"]
[Site "Pozarevac"]
[Round "5"]
[Result "1-0"]
[Date "2012.02.16"]
[WhiteElo "2071"]
[BlackElo "1534"]
[PlyCount "80"]
[EventDate "2012.02.13"]
[EventType "team-swiss"]
[EventRounds "9"]
[EventCountry "SRB"]
[SourceTitle "CBM 146 Extra"]
[Source "ChessBase"]
[SourceDate "2012.02.29"]
[SourceVersion "1"]
[SourceVersionDate "2012.02.29"]
[SourceQuality "1"]

1. e4 c6 2. Nc3 d5 3. Nf3 Bg4 4. h3 Bxf3 5. Qxf3 e6 6. e5 d4 7. Ne4 Qc7 8. Qg3 Nd7 9. Nd6+ Ke7 10. f4 Nh6 11. Bc4 Nb6 12. Bb3 Kd7 13. f5 Bxd6 14. fxe6+ fxe6 15. exd6 Nf5 16. Qg5 Qxd6 17. 0-0 Raf8 18. d3 Qg3 19. Rxf5 Qe1+ 20. Kh2 exf5 21. Qxg7+ Qe7 22. Bh6 Re8 23. Be6+ Kd6 24. Qxd4+ Nd5 25. Bf4+ Kxe6 26. Re1+ Kf7 27. Rxe7+ Kxe7 28. Qe5+ Kf7 29. Qxf5+ Nf6 30. Be5 Re6 31. d4 Rg8 32. Bxf6 Rxf6 33. Qxh7+ Kf8 34. Qxb7 Rgg6 35. g4 Rf2+ 36. Kg3 Rgf6 37. Qb3 Rf1 38. Qe3 Rh1 39. g5 Rf7 40. h4 Rh7 1-0

[Event "SRB-chT Central"]
[White "Jelisavcic, Srdjan"]
[Black "Milovanovic, Srboljub"]
[Site "Pozarevac"]
[Round "3"]
[Result "0-1"]
[Date "2012.02.15"]
[WhiteElo "2071"]
[BlackElo "2203"]
[PlyCount "80"]
[EventDate "2012.02.13"]
[EventType "team-swiss"]
[EventRounds "9"]
[EventCountry "SRB"]
[SourceTitle "CBM 146 Extra"]
[Source "ChessBase"]
[SourceDate "2012.02.29"]
[SourceVersion "1"]
[SourceVersionDate "2012.02.29"]
[SourceQuality "1"]

1. e4 c5 2. d4 cxd4 3. Qxd4 Nc6 4. Qe3 Nf6 5. Nc3 d5 6. exd5 Nxd5 7. Nxd5 Qxd5 8. Bd3 Bf5 9. Bxf5 Qxf5 10. c3 e6 11. Nf3 Bc5 12. Qf4 Qd3 13. Ne5 Nxe5 14. Qxe5 Rd8 15. Bg5 Be7 16. Qxg7 Bxg5 17. Qxg5 Qe4+ 18. Kf1 Qd3+ 19. Ke1 Rd5 20. Qe3 Qb5 21. c4 Qxb2 22. cxd5 Qxa1+ 23. Ke2 Qxa2+ 24. Qd2 Qc4+ 25. Kf3 Qxd5+ 26. Qxd5 exd5 27. Rd1 Kd7 28. Rxd5+ Kc6 29. Rf5 b5 30. Ke3 Rd8 31. Rxf7 a5 32. Ra7 Kb6 33. Rxh7 b4 34. Rh6+ Kb5 35. Rh5+ Ka4 36. Rh7 b3 37. Rb7 Ka3 38. g4 a4 39. g5 Ka2 40. g6 b2 0-1

[Event "Belgrade Spring op"]
[White "Cetkovic, Miodrag"]
[Black "Jelisavcic, Srdjan"]
[Site "Belgrade"]
[Round "7"]
[Result "1-0"]
[Date "2010.03.30"]
[WhiteElo "2277"]
[BlackElo "2119"]
[PlyCount "73"]
[EventDate "2010.03.23"]
[EventType "swiss"]
[EventRounds "9"]
[EventCountry "YUG"]
[SourceTitle "CBM 135 Extra"]
[Source "ChessBase"]
[SourceDate "2010.05.04"]
[SourceVersion "1"]
[SourceVersionDate "2010.05.04"]
[SourceQuality "1"]

1. e4 e5 2. f4 exf4 3. Bc4 g5 4. h4 d5 5. Bxd5 Nf6 6. hxg5 Nxd5 7. exd5 Qxg5 8. Qe2+ Kd8 9. Nc3 Bf5 10. Nf3 Qg3+ 11. Kd1 Bg7 12. Re1 Bf6 13. d3 Nd7 14. Ne4 Bxe4 15. Qxe4 Qxg2 16. Bxf4 Nc5 17. Qe3 b6 18. d4 Nd7 19. Rc1 Qg4 20. Qe4 Qh5 21. d6 c6 22. Qxc6 Rc8 23. Qe4 Qg6 24. Qe3 Rc6 25. Kd2 Qf5 26. c3 Qd5 27. b3 b5 28. Kc2 Rg8 29. Re2 b4 30. c4 Qf5+ 31. Kb2 Nc5 32. Rd1 Ne6 33. Be5 Rg4 34. Bxf6+ Qxf6 35. Ne5 Rxd6 36. Nxg4 Qg7 37. Qe5 1-0

[Event "SRB-chT2 West"]
[White "Jelisavcic, Srdjan"]
[Black "Vasilic, Mihailo"]
[Site "Serbia"]
[Round "8.2"]
[Result "0-1"]
[Date "2009.10.09"]
[WhiteElo "2127"]
[BlackElo "2033"]
[PlyCount "74"]
[EventDate "2009.09.06"]
[EventType "team"]
[EventRounds "11"]
[EventCountry "SRB"]
[SourceTitle "EXT 2012"]
[Source "ChessBase"]
[SourceDate "2011.11.24"]
[SourceVersion "1"]
[SourceVersionDate "2011.11.24"]
[SourceQuality "1"]

1. e4 e6 2. d4 d5 3. e5 c5 4. c3 Nc6 5. Nf3 Qb6 6. Bd3 Bd7 7. dxc5 Bxc5 8. Qe2 a5 9. 0-0 h6 10. Bf4 a4 11. Nbd2 g5 12. Bg3 Qxb2 13. Rab1 Qxc3 14. Rfc1 Qa3 15. Bb5 Nge7 16. h3 Nf5 17. Bh2 b6 18. Nf1 Rc8 19. Ng3 Nxg3 20. Bxg3 Nb4 21. Bxd7+ Kxd7 22. Qb5+ Nc6 23. Ne1 Ke7 24. Qa6 Rc7 25. Nd3 Ra7 26. Nxc5 Rxa6 27. Nxa6 Rc8 28. Nb8 Rxb8 29. Rxc6 b5 30. Rc7+ Kf8 31. Rbc1 Qxa2 32. Ra7 Kg8 33. Rcc7 Qb1+ 34. Kh2 Qf5 35. f4 b4 36. fxg5 hxg5 37. Rxa4 b3 0-1

[Event "SRB Central-ch"]
[White "Jelisavcic, Srdjan"]
[Black "Antic, Dejan"]
[Site "Vrnjacka Banja"]
[Round "2"]
[Result "0-1"]
[Date "2008.11.09"]
[WhiteElo "2117"]
[BlackElo "2489"]
[PlyCount "118"]
[EventDate "2008.11.08"]
[EventType "swiss"]
[EventRounds "9"]
[EventCountry "YUG"]
[SourceTitle "EXT 2010"]
[Source "ChessBase"]
[SourceDate "2010.11.25"]
[SourceVersion "1"]
[SourceVersionDate "2010.11.25"]
[SourceQuality "1"]

1. e4 e6 2. d4 d5 3. exd5 exd5 4. Bd3 Nc6 5. c3 Bd6 6. Ne2 Bg4 7. Qc2 Nge7 8. h3 Bh5 9. Nf4 Bg6 10. Nxg6 hxg6 11. Be3 Qd7 12. Nd2 Nf5 13. 0-0-0 0-0-0 14. Bb5 a6 15. Bd3 Rde8 16. Rde1 Nh4 17. Reg1 Nf5 18. Re1 Nce7 19. Kb1 Nh4 20. Reg1 Nef5 21. Bg5 Be7 22. Bxh4 Nxh4 23. g3 Nf5 24. h4 Nd6 25. Qb3 c6 26. Nf3 Bf6 27. Re1 Ne4 28. Bxe4 dxe4 29. Nd2 Qf5 30. Qc2 Qxf2 31. Nxe4 Qxc2+ 32. Kxc2 Be7 33. Rhg1 f5 34. Nc5 Bd6 35. Rxe8+ Rxe8 36. Kd3 a5 37. g4 Re7 38. gxf5 gxf5 39. Rg6 Bxc5 40. dxc5 Kd7 41. b4 f4 42. Rg4 Rf7 43. Ke2 f3+ 44. Kf2 Ke6 45. a3 Ke5 46. h5 a4 47. Rg6 Kf4 48. c4 Re7 49. b5 Re2+ 50. Kf1 Rh2 51. Rxg7 Rxh5 52. Rxb7 Rxc5 53. Rc7 Rxc4 54. Rxc6 Rd4 55. b6 Rd1+ 56. Kf2 Rd2+ 57. Kf1 Rb2 58. Rc4+ Kg3 59. Rb4 Ra2 0-1

[Event "SRB Central-ch"]
[White "Mitrovic, Darko R"]
[Black "Jelisavcic, Srdjan"]
[Site "Vrnjacka Banja"]
[Round "1"]
[Result "1/2-1/2"]
[Date "2008.11.08"]
[WhiteElo "2362"]
[BlackElo "2117"]
[PlyCount "101"]
[EventDate "2008.11.08"]
[EventType "swiss"]
[EventRounds "9"]
[EventCountry "YUG"]
[SourceTitle "EXT 2010"]
[Source "ChessBase"]
[SourceDate "2010.11.25"]
[SourceVersion "1"]
[SourceVersionDate "2010.11.25"]
[SourceQuality "1"]

1. e4 e5 2. Nf3 Nc6 3. Bb5 a6 4. Ba4 Nf6 5. 0-0 b5 6. Bb3 Be7 7. Re1 Bb7 8. c3 d5 9. exd5 Nxd5 10. Nxe5 Nxe5 11. Rxe5 Nf4 12. Bxf7+ Kxf7 13. Rf5+ Bf6 14. Rxf4 Qd3 15. Qf1 Be4 16. Rxe4 Qxe4 17. d3 Qd5 18. d4 Rhe8 19. Be3 c5 20. dxc5 Re4 21. Na3 b4 22. Nc2 bxc3 23. bxc3 Qc4 24. Nd4 Qxc5 25. Qd3 Rae8 26. Rb1 Qd5 27. Qxa6 Kg8 28. a4 Ra8 29. Qb5 Qa2 30. Qb7 Ree8 31. Nc6 Bxc3 32. h3 Qxa4 33. Rb5 Bf6 34. Rd5 Qe4 35. Rd7 Ra1+ 36. Kh2 Kh8 37. Qc7 Ra6 38. Bb6 Raa8 39. Qb7 Qf4+ 40. g3 Qe4 41. Na7 Qxb7 42. Rxb7 Rab8 43. Rxb8 Rxb8 44. Be3 Ra8 45. Kg2 Kg8 46. Kf3 Rf8 47. Ke4 Re8+ 48. Kf3 Rf8 49. Ke4 Re8+ 50. Kf3 Rf8 51. Ke4 1/2-1/2

[Event "Belgrade Spring op"]
[White "Jelisavcic, Srdjan"]
[Black "Nikolic, Marko"]
[Site "Belgrade"]
[Round "9"]
[Result "1-0"]
[Date "2007.04.03"]
[WhiteElo "2126"]
[BlackElo "2043"]
[PlyCount "69"]
[EventDate "2007.03.26"]
[EventType "swiss"]
[EventRounds "9"]
[EventCountry "YUG"]
[SourceTitle "CBM 117 Extra"]
[Source "ChessBase"]
[SourceDate "2007.05.09"]
[SourceVersion "1"]
[SourceVersionDate "2007.05.09"]
[SourceQuality "1"]

1. e4 c5 2. Nc3 e6 3. g3 d6 4. Bg2 Nc6 5. Nge2 a6 6. d4 cxd4 7. Nxd4 Bd7 8. 0-0 Nf6 9. h3 Be7 10. Be3 0-0 11. Qd2 Qc7 12. Nce2 Rac8 13. c3 Ne5 14. b3 d5 15. f4 Ng6 16. f5 Ne5 17. exd5 Nxd5 18. Bg5 Bc5 19. Bxd5 exd5 20. f6 g6 21. Nf4 Qd6 22. Kh2 Rfe8 23. Rad1 Bc6 24. Rfe1 Rcd8 25. Nxc6 Qxc6 26. Nd3 Nxd3 27. Qxd3 d4 28. c4 Re6 29. Rxe6 Qxe6 30. Rd2 Bd6 31. h4 Re8 32. Rf2 Rd8 33. Re2 Qd7 34. b4 Bf8 35. c5 1-0

[Event "Belgrade Spring op"]
[White "Novovic, Veljko"]
[Black "Jelisavcic, Srdjan"]
[Site "Belgrade"]
[Round "4"]
[Result "1/2-1/2"]
[Date "2007.03.29"]
[WhiteElo "1867"]
[BlackElo "2126"]
[PlyCount "70"]
[EventDate "2007.03.26"]
[EventType "swiss"]
[EventRounds "9"]
[EventCountry "YUG"]
[SourceTitle "CBM 117 Extra"]
[Source "ChessBase"]
[SourceDate "2007.05.09"]
[SourceVersion "1"]
[SourceVersionDate "2007.05.09"]
[SourceQuality "1"]

1. e4 e5 2. Nf3 Nc6 3. Bc4 Nf6 4. Ng5 d5 5. exd5 Na5 6. Bb5+ c6 7. dxc6 bxc6 8. Be2 h6 9. Nh3 Bc5 10. d3 Rb8 11. a3 Bxh3 12. gxh3 Nb7 13. 0-0 Nd5 14. Nc3 0-0 15. Bf3 f5 16. Na4 Bd6 17. c4 Ne7 18. b4 Rc8 19. Qb3 Bb8 20. Bg2 Kh8 21. Qc3 f4 22. Bf3 Nf5 23. Bg4 Qh4 24. f3 h5 25. Bxf5 Rxf5 26. Qe1 Rg5+ 27. Kh1 Qxh3 28. Qf2 Nd6 29. Rg1 Rxg1+ 30. Kxg1 Rd8 31. Qg2 Qh4 32. Bd2 Nf5 33. Nc5 Rd6 34. Be1 Qe7 35. Bf2 Qf7 1/2-1/2

[Event "SRB-chT2 West"]
[White "Milosevic, Zoran"]
[Black "Jelisavcic, Srdjan"]
[Site "Serbia"]
[Round "6.3"]
[Result "1-0"]
[Date "2006.10.14"]
[WhiteElo "2260"]
[BlackElo "2133"]
[PlyCount "103"]
[EventDate "2006.09.09"]
[EventType "team"]
[EventRounds "11"]
[EventCountry "SRB"]
[SourceTitle "EXT 2012"]
[Source "ChessBase"]
[SourceDate "2011.11.24"]
[SourceVersion "1"]
[SourceVersionDate "2011.11.24"]
[SourceQuality "1"]

1. d4 d6 2. c4 Nd7 3. Nf3 e5 4. Nc3 Ngf6 5. g3 Be7 6. dxe5 dxe5 7. Bg2 0-0 8. 0-0 Re8 9. Qc2 c6 10. Rd1 Qc7 11. a3 Nf8 12. h3 Ng6 13. e4 Be6 14. Bf1 Rad8 15. Be3 b6 16. b4 Rxd1 17. Rxd1 Rd8 18. Rb1 Bc8 19. a4 Nf8 20. b5 c5 21. Nd5 Nxd5 22. cxd5 Bd6 23. Nd2 Qe7 24. Nc4 Bb7 25. a5 Bc7 26. Ra1 f5 27. axb6 axb6 28. Ra7 Bb8 29. Ra1 f4 30. Bd2 Nd7 31. Qb3 Kh8 32. Bg2 Rf8 33. Re1 Qg5 34. Qf3 h5 35. h4 Qg4 36. Qxg4 hxg4 37. f3 gxf3 38. Bxf3 fxg3 39. Kg2 Bc7 40. Ra1 Ra8 41. Rxa8+ Bxa8 42. Kxg3 Nf6 43. Bc3 Bxd5 44. exd5 e4+ 45. d6 Nd5 46. dxc7 Nxc7 47. Bxe4 Nxb5 48. Be5 Kg8 49. Bd5+ Kh7 50. Nxb6 Na3 51. Bd6 Nc2 52. Be4+ 1-0